ULTRAKILL Levels Quiz (February 2026) - Statistics

General Stats
  • This quiz has been taken 85 times
    75 since last reset
  • The average score is 28 of 43
Answer Stats
Layer Level Answer % Correct
Prelude 0-5 CERBERUS
95%
Prelude 0-4 A ONE-MACHINE ARMY
86%
Prelude 0-S SOMETHING WICKED
86%
Prelude 0-1 INTO THE FIRE
81%
Limbo 1-4 CLAIR DE LUNE
78%
Lust 2-2 DEATH AT 20,000 VOLTS
78%
Fraud 8-3 DISINTEGRATION LOOP
78%
Greed 4-2 GOD DAMN THE SUN
76%
Wrath 5-4 LEVIATHAN
76%
Violence 7-4 ...LIKE ANTENNAS TO HEAVEN
76%
Prelude 0-2 THE MEATGRINDER
76%
Wrath 5-3 SHIP OF FOOLS
73%
Prime Sanctums P-1 SOUL SURVIVOR
73%
Prime Sanctums P-2 WAIT OF THE WORLD
73%
Gluttony 3-1 BELLY OF THE BEAST
70%
Lust 2-1 BRIDGEBURNER
70%
Greed 4-4 CLAIR DE SOLEIL
70%
Lust 2-4 COURT OF THE CORPSE KING
70%
Wrath 5-1 IN THE WAKE OF POSEIDON
70%
Prelude 0-3 DOUBLE DOWN
68%
Lust 2-3 SHEER HEART ATTACK
68%
Limbo 1-2 THE BURNING WORLD
68%
Violence 7-1 GARDEN OF FORKING PATHS
65%
Limbo 1-3 HALLS OF SACRED REMAINS
65%
Greed 4-1 SLAVES TO POWER
65%
Heresy 6-1 CRY FOR THE WEEPER
62%
Fraud 8-1 HURTBREAK WONDERLAND
59%
Gluttony 3-2 IN THE FLESH
59%
Violence 7-2 LIGHT UP THE NIGHT
59%
Greed 4-S CLASH OF THE BRANDICOOT
57%
Fraud 8-4 FINAL FLIGHT
57%
Limbo 1-1 HEART OF THE SUNRISE
57%
Wrath 5-S I ONLY SAY MORNING
57%
Limbo 1-S THE WITLESS
57%
Greed 4-3 A SHOT IN THE DARK
54%
Encores E-0 THIS HEAT, AN EVIL HEAT
54%
Wrath 5-2 WAVES OF THE STARLESS SEA
54%
Lust 2-S ALL-IMPERFECT LOVE SONG
51%
Violence 7-3 NO SOUND, NO MEMORY
51%
Fraud 8-2 THROUGH THE MIRROR
51%
Heresy 6-2 AESTHETICS OF HATE
49%
Violence 7-S HELL BATH NO FURY
49%
Encores E-1 ...THEN FELL THE ASHES
49%
No matching quizzes found
Score Distribution
Percent of People with Each Score
Percentile by Number Answered
Your Score History
You have not taken this quiz since the last reset